Vista normal
Vista MARC
Entrada Nombre Personal
Número de registros utilizados en: 1
001 - Número de Control
- control field: 44347
003 - Identificador de Número de Control
- control field: EC-QuCCB
005 - Fecha y Hora de la última transacción
- Campo de Control: 20260304122349.0
008 - Elementos de Datos de Longitud Fija
- fixed length control field: 260304|| aca||aabn | a|a d
040 ## - Origen de la Catalagación
- Agencia catalogadora original: EC-QuCCB
- Idioma de la catalogación: spa
100 1# - Asiento Principal--Nombre Personal
- Nombre personal :: Briceño Iragorry, Mario,
- Fecha asociadas con el Nombre : : 1897-1958
400 1# - Trazado Véase Desde -- Nombre Personal
- Nombre Personal: Briceño-Iragorry, Mario,
400 1# - Trazado Véase Desde -- Nombre Personal
- Nombre Personal: Iragorry, Mario Briceño,
- Fechas asociadas con un nombre : : 1897-1958
400 0# - Trazado Véase Desde -- Nombre Personal
- Nombre Personal: Mario Briceño Iragorry,
- Título y otras palabras asociadas con un nombre : : político venezolano,
670 ## - Fuente de la Información Encontrada
- Fuente citada :: El regente Heredia o la piedad heroica, 1980:
- Informacion encontrada :: Portada (Mario Briceño Iragorry)
670 ## - Fuente de la Información Encontrada
- Fuente citada :: VIAF
- Informacion encontrada :: Briceño Iragorry, Mario, 1897-1958
- Informacion encontrada :: Briceño-Iragorry, Mario,
- Informacion encontrada :: Iragorry, Mario Briceño, 1897-1958
- Informacion encontrada :: Mario Briceño Iragorry, 1897-1958
- Identificador Uniforme de Recursos :: https://viaf.org/es/viaf/76325721
678 ## - Información Geográfica o Histórica
- Información Histórica o Biográfica: Wikipedia. Mario Briceño Iragorry; Nació el 15 de septiembre de 1897 en Trujillo, fallece el 6 de junio de 1958 en Caracas. Fue un abogado, historiador, escritor, diplomático y político venezolano.
- Identificador Uniforme de Recursos: https://es.wikipedia.org/wiki/Mario_Brice%C3%B1o_Iragorry























